000 00770nam a22002417a 4500
005 20110510114513.0
008 110510t xxu||||| |||| 00| 0 eng d
010 _aENG-102417
020 _a9788120342408
_c275.00
035 _aEN-85950
037 _bDBAD/PUB
040 _aDPL
_bEng
082 _a339
100 _aKennedy,M.Maria John
_927875
245 _aMacroeconomic theory /
_cby M.Maria John Kennedy
260 _aNew Delhi
_bPHI Learning
_c2011
270 _aM-97,Connaught Circus
_bNew Delhi
_e110001
300 _axx,387p.
_c23cm (pbk)
500 _aIncludes index
650 _927887
942 _2ddc
_cEN
_h339
_mKEN
999 _c52280
_d52280